[Event "Haarlem BDO-A 10th"]
[Site "Haarlem"]
[Date "2014.10.12"]
[Round "2"]
[White "Picard, Romain"]
[Black "De Jong, Jan Willem"]
[Result "0-1"]
[WhiteElo "2374"]
[BlackElo "2454"]
[PlyCount "82"]
[EventDate "2014.10.11"]
[EventType "tourn"]
[EventRounds "9"]
[EventCountry "NED"]
[EventCategory "10"]
[SourceTitle "EXT 2015"]
[Source "ChessBase"]
[SourceDate "2014.11.20"]
[SourceVersion "1"]
[SourceVersionDate "2014.11.20"]
[SourceQuality "1"]

1. e4 e5 2. Nf3 Nc6 3. Bc4 Nf6 4. d3 Be7 5. 0-0 0-0 6. Re1 d6 7. a4 Be6 8. Nbd2 Qd7 9. c3 a6 10. b4 Bxc4 11. Nxc4 Qe6 12. Bd2 Nb8 13. Ne3 g6 14. c4 c6 15. Bc3 a5 16. bxa5 Na6 17. Nd2 Nd7 18. Nc2 Bf6 19. Qf3 Nac5 20. Qg3 Qe7 21. Ra3 Bg7 22. d4 Ne6 23. Nf3 Nf4 24. Rb3 Nh5 25. Qh3 Nf4 26. Qg3 Ra7 27. Bd2 Nh5 28. Qh3 exd4 29. Nfxd4 Nc5 30. Rbb1 Qf6 31. g3 Nd3 32. Rf1 Qe7 33. Qg2 Re8 34. f3 Nf6 35. Be3 Raa8 36. Rfd1 Ne5 37. Qf1 Rxa5 38. Ne2 Rxa4 39. c5 dxc5 40. Qf2 c4 41. Nf4 Ra2 0-1